Odd... numbers! - Statistics

General Stats
  • This quiz has been taken 19 times
  • The average score is 22 of 45
Answer Stats
Question Tile Select % Correct
taxicab numbers 728 No
100%
taxicab numbers 6 No
88%
taxicab numbers 8128 No
88%
triangular numbers 3 Yes
82%
triangular numbers 782 No
82%
triangular numbers 82 No
82%
taxicab numbers 150 No
76%
hexagonal numbers 300 No
76%
hexagonal numbers 666 No
76%
hexagonal numbers 782 No
76%
hexagonal numbers 82 No
76%
perfect numbers 150 No
71%
cabtaxi numbers 150 No
71%
perfect numbers 2 No
71%
taxicab numbers 28 No
71%
cabtaxi numbers 6 No
71%
cabtaxi numbers 2 No
65%
cabtaxi numbers 28 No
65%
perfect numbers 728 No
65%
cabtaxi numbers 8128 No
65%
triangular numbers 105 Yes
59%
cabtaxi numbers 1 Yes
53%
taxicab numbers 1729 Yes
53%
triangular numbers 1 Yes
41%
hexagonal numbers 1 Yes
41%
perfect numbers 1729 No
41%
hexagonal numbers 3 No
41%
taxicab numbers 333 No
41%
triangular numbers 7 No
41%
perfect numbers 333 No
35%
cabtaxi numbers 1729 No
29%
triangular numbers 666 Yes
29%
perfect numbers 1 No
24%
taxicab numbers 2 Yes
24%
perfect numbers 28 Yes
24%
triangular numbers 300 Yes
24%
cabtaxi numbers 333 No
24%
hexagonal numbers 7 No
24%
hexagonal numbers 105 No
18%
perfect numbers 6 Yes
18%
taxicab numbers 1 No
12%
triangular numbers 8128 Yes
12%
hexagonal numbers 8128 Yes
12%
cabtaxi numbers 728 Yes
6%
perfect numbers 8128 Yes
6%
No matching quizzes found
Score Distribution
Percent of People with Each Score
Percentile by Number Answered
Your Score History
You have not taken this quiz